[Event "Reunion op 15th"]
[Site "St Denis"]
[Date "2013.10.17"]
[Round "6"]
[White "Romain, Juliane"]
[Black "Barbas, Yanick"]
[Result "1-0"]
[WhiteElo "1371"]
[BlackElo "1499"]
[PlyCount "43"]
[EventDate "2013.10.12"]
[EventType "swiss"]
[EventRounds "9"]
[EventCountry "RUF"]
[SourceTitle "EXT 2014"]
[Source "ChessBase"]
[SourceDate "2013.11.20"]
[SourceVersion "1"]
[SourceVersionDate "2013.11.20"]
[SourceQuality "1"]

1. e4 e6 2. d4 d6 3. Nf3 Nf6 4. Nc3 Be7 5. Bf4 a6 6. Bd3 Nc6 7. 0-0 Nb4 8. Be2 Nh5 9. Be3 0-0 10. a3 Nc6 11. Bd3 b5 12. e5 f5 13. exf6 Nxf6 14. Ne4 Nxe4 15. Bxe4 d5 16. Bd3 Bf6 17. c3 e5 18. dxe5 Nxe5 19. Nxe5 Bxe5 20. Qh5 Bf6 21. Bxh7+ Kh8 22. Bg6+ 1-0

[Event "Reunion op 15th"]
[Site "St Denis"]
[Date "2013.10.13"]
[Round "3"]
[White "Weber, Richard"]
[Black "Barbas, Yanick"]
[Result "1/2-1/2"]
[WhiteElo "1688"]
[BlackElo "1499"]
[PlyCount "111"]
[EventDate "2013.10.12"]
[EventType "swiss"]
[EventRounds "9"]
[EventCountry "RUF"]
[SourceTitle "EXT 2014"]
[Source "ChessBase"]
[SourceDate "2013.11.20"]
[SourceVersion "1"]
[SourceVersionDate "2013.11.20"]
[SourceQuality "1"]

1. Nf3 d6 2. d4 e6 3. e4 Nf6 4. Bd3 c6 5. 0-0 a6 6. Bg5 h6 7. Bh4 g5 8. Bg3 Nh5 9. c3 Be7 10. Nfd2 Nf6 11. e5 Nfd7 12. exd6 Bf6 13. Ne4 Bg7 14. Re1 b6 15. f4 Bb7 16. f5 0-0 17. fxe6 fxe6 18. Nbd2 c5 19. dxc5 Ne5 20. Bxe5 Bxe5 21. Nc4 Nd7 22. cxb6 Bg7 23. Ng3 Bd5 24. Nh5 Nxb6 25. Nxg7 Kxg7 26. b3 Qb8 27. Bf1 Rf6 28. Qd4 Nd7 29. Re2 Qa7 30. Qxa7 Rxa7 31. Ne5 Rf5 32. Nxd7 Rxd7 33. c4 Bc6 34. Rxe6 h5 35. Rae1 Rdf7 36. Re7 Rf2 37. Rxf7+ Rxf7 38. c5 a5 39. a3 Rf5 40. d7 Bxd7 41. Re7+ Rf7 42. Rxf7+ Kxf7 43. Bc4+ Kf6 44. a4 Ke5 45. Kf2 Kd4 46. Bf7 h4 47. g3 h3 48. Bg8 Kxc5 49. Ke3 Bf5 50. Bf7 Kb4 51. Kd2 Be4 52. Be6 Bg2 53. Kc2 Be4+ 54. Kd2 Bg2 55. Kc2 Be4+ 56. Kd2 1/2-1/2

[Event "Reunion op 15th"]
[Site "St Denis"]
[Date "2013.10.12"]
[Round "1"]
[White "Rajaonson, Andriamahenina"]
[Black "Barbas, Yanick"]
[Result "1-0"]
[WhiteElo "1904"]
[BlackElo "1499"]
[PlyCount "69"]
[EventDate "2013.10.12"]
[EventType "swiss"]
[EventRounds "9"]
[EventCountry "RUF"]
[SourceTitle "EXT 2014"]
[Source "ChessBase"]
[SourceDate "2013.11.20"]
[SourceVersion "1"]
[SourceVersionDate "2013.11.20"]
[SourceQuality "1"]

1. f4 d5 2. Nf3 Bg4 3. c4 Nf6 4. Qb3 Qd6 5. Qxb7 Qc6 6. Qxc6+ Nxc6 7. cxd5 Nxd5 8. e3 Ndb4 9. Na3 a6 10. Be2 e6 11. 0-0 Be7 12. d4 0-0 13. Bd2 Nd5 14. Rfc1 Na7 15. e4 Nf6 16. Bd3 Bxa3 17. bxa3 Bxf3 18. gxf3 Nb5 19. Be3 Rfd8 20. Rc4 Rac8 21. a4 Nd6 22. Rc6 Nde8 23. Bxa6 Ra8 24. Bb5 Nd7 25. Ra6 Rxa6 26. Bxa6 Ra8 27. Bb5 Nb6 28. d5 Nxa4 29. Bc6 Nd6 30. Bxa8 Nc4 31. Bd4 Nd2 32. Kf2 exd5 33. Bxd5 Nb6 34. Bxb6 cxb6 35. Rd1 1-0